Terminologie du Football - Statistiques

Statistiques générales
  • Ce quiz a été pris 76 fois
  • Le résultat moyen est 16 sur 25
Statistiques - réponses
Question Réponse % Correct
A quel terme appartient cette définition : succession de déplacements coordonnés de joueurs dans le but de favoriser la reconquête du ballon d'une manière individuelle ou collective. Animation défensive
100%
Quelle est la définition du terme "Appel" ? Déplacement d'un joueur avec pour intention de recevoir le ballon
100%
Quelle est la définition du terme "Cadrer" ? Limiter et fermer l'espace de jeu du porteur de balle
100%
Qu'est ce qu'un contrôle ? Action de maîtriser le ballon au sol
83%
Qu'est ce qu'un amorti ? Action de maîtriser un ballon aérien
83%
A quel terme appartient cette définition : Succession de déplacements coordonnés des joueurs permettant de sécuriser le ballon, favorisant la progression vers le but adverse et les déséquilibres partiels ou complets, procurant à l'équipe les occasions de marquer Animation offensive
83%
Quel types d'attaque n'existe pas ? Attaque soutenue
83%
Lors d'une contre attaque, où récupère-t-on le ballon ? Dans notre camps
83%
Qu'est ce que la technique ? La capacité de maîtriser et d'utiliser le ballon au bénéfice de l'équipe
83%
Quelle est la bonne affirmation ? La contre attaque est une attaque rapide
83%
L'organisation du jeu... Les quatre
83%
L'animation du jeu ... Les trois
83%
Y a-t-il une différence entre un contrôle et un amorti ? OUI
83%
A quel terme cette définition appartient : Prolonger un ballon sans contrôle en modifiant sa trajectoire, pour un partenaire ou pour soi-même. Une déviation
83%
Laquelle de ces propositions n'appartiennent pas à l'animation du jeu ? Animation collective
67%
Qu'est ce que le plan de jeu ? C'est l'ensemble des consignes transmises aux joueurs par l'entraîneur pour le match
67%
Lequel de ces types de défense n'existe pas ? Défense rush
67%
Quelle est la définition du terme "Intervalle" ? Distance entre deux joueurs d'une même ligne et entre un joueur et une ligne
67%
A quel terme cette définition appartient : Rendre le ballon à son partenaire, sans contrôle, dans le sens opposé à la première passe. Une remise
67%
Qu'est ce que la coordination des déplacements défensifs et offensifs des joueurs dans le cadre du système de jeu ? L'animation du jeu
33%
La notion de "système de jeu" est-il plus large ou plus petite que "l'organisation de jeu" Petite
33%
Quelle est le dispositif le plus fréquemment utilisé par une équipe qui joue le contre ? 4-2-3-1
0%
Qu'est ce que la tactique ? la réponse spontanée d'un joueur ou d'un groupe de joueurs à un problème de jeu, tant sur le plan offensif que défensif
0%
Qu'est ce qui définit les principes de coopération pour la gestion simultanée de l'espace, du temps et de l'évènement ? L'organisation du jeu
0%
Qu'est ce que "Zone-Press" ? Un espace sur le terrain
0%
Aucun quiz correspondant
Distribution des résultats
% des personnes avec chaque résultat
Percentile par nombre de réponses
Votre historique - résultats
Vous n’avez pas pris ce quiz